000
00290nam a22001337a 4500
008
170428b xxu||||| |||| 00| 0 eng d
020
_a
34
041
_a
eng
080
_a
34
100
_a
13
101
_a
SHJ
245
_a
PROVIDING EXECUTIVE PROTECTION
_c
KOBETZ.R.W
942
_2
udc
_c
BK
999
_c
12304
_d
12304